[Event "113th US Open 2012"]
[Site "Vancouver USA"]
[Date "2012.08.05"]
[Round "2"]
[White "Yang,Dar"]
[Black "Cao,Kevin"]
[Result "1-0"]
[WhiteElo "2486"]
[BlackElo "2212"]

1.d4 d5 2.c4 e6 3.Nc3 Nf6 4.Nf3 c6 5.e3 Nbd7 6.Qc2 Bd6 7.e4 Nxe4 8.Nxe4 dxe4
9.Qxe4 Nf6 10.Qh4 Bb4+ 11.Bd2 Bxd2+ 12.Nxd2 O-O 13.O-O-O b5 14.Ne4 bxc4 15.Bxc4 Rb8
16.Nxf6+ Qxf6 17.Qxf6 gxf6 18.Rd3 Rd8 19.Rhd1 Rb7 20.Ra3 Rbd7 21.Be2 f5 22.Kc2 Kg7
23.g3 Rc7 24.f4 Kf6 25.b4 Ke7 26.Kc3 Rd6 27.Bf3 f6 28.Ra5 Kd7 29.a3 Rb7 30.Kc4 Kc7
31.Kc5 a6 32.a4 Rb6 33.h3 Rd8 34.g4 Bd7 35.gxf5 exf5 36.Rg1 Rdb8 37.Rg7 h5
38.Be2 Rxb4 39.Rxa6 Kc8 40.Rg8+ Kc7 41.Rxb8 Rxb8 42.Ra7+ Kd8 43.Kd6 Be8 44.a5 Kc8
45.a6 Rb2  1-0

[Event "16th HZ Open"]
[Site "Vlissingen NED"]
[Date "2012.08.05"]
[Round "2"]
[White "Grochal,J"]
[Black "Sandipan,C"]
[Result "0-1"]
[WhiteElo "2157"]
[BlackElo "2611"]

1.d4 d5 2.c4 e6 3.Nf3 c6 4.Nc3 Nf6 5.e3 Nbd7 6.Bd3 dxc4 7.Bxc4 b5 8.Bd3 Bd6
9.O-O O-O 10.Qc2 Bb7 11.h3 h6 12.e4 e5 13.dxe5 Nxe5 14.Nxe5 Bxe5 15.f4 Bd4+
16.Kh2 Ng4+ 17.Kg3 Ne3 18.Bxe3 Bxe3 19.Rae1 Bd4 20.e5 a6 21.Ne4 c5 22.Qe2 Bd5
23.Kh2 Re8 24.Qh5 Re6 25.b3 Qc7 26.Rf3 Bxe5 27.fxe5 Rxe5 28.Nf6+ gxf6 29.Rxe5 Bxf3
30.Qxf3 Qxe5+ 31.Kg1 Rd8 32.Qg4+ Kf8  0-1

[Event "113th US Open 2012"]
[Site "Vancouver USA"]
[Date "2012.08.06"]
[Round "4"]
[White "Botez,Alexandra"]
[Black "Bu,Kevin"]
[Result "1/2-1/2"]
[WhiteElo "2009"]
[BlackElo "2141"]

1.d4 c6 2.c4 Nf6 3.Nf3 d5 4.Nc3 e6 5.e3 Be7 6.Bd3 Nbd7 7.O-O O-O 8.a3 a5
9.b3 b6 10.Ne5 Nxe5 11.dxe5 Nd7 12.f4 Nc5 13.Be2 dxc4 14.bxc4 Ba6 15.Qc2 Qc7
16.e4 Rfd8 17.Be3 Rd7 18.Rab1 Bc8 19.Kh1 a4 20.Bxc5 Bxc5 21.Nxa4 Be3 22.Qb3 Bd4
23.Rfc1 Ba6 24.Bg4 b5 25.cxb5 Bxb5 26.Nc5 Bxc5 27.Rxc5 Qa7 28.Rbc1 Rd3 29.Qc2 Qxa3
30.Be2 Rdd8 31.Bxb5 cxb5 32.Rxb5 Qe3 33.f5 exf5 34.exf5 h5 35.e6 Rac8 36.Qxc8 Rxc8
37.Rxc8+ Kh7 38.h3 Qe1+ 39.Kh2 h4 40.Rb1 Qe5+ 41.Kh1 Qxf5 42.Re1 fxe6 43.Re8 Qg5
44.R8xe6 Kg8 45.R6e4 Qa5 46.Re8+ Kh7 47.R1e5 Qa4 48.Re4 Qd1+ 49.Kh2 Qd6+
50.R8e5 Kg8 51.Kh1 Qd1+ 52.Re1 Qd6 53.Re8+ Kh7 54.R8e4 Qf6 55.R1e3 Qf1+ 56.Kh2 Qf6
57.Rd3 Kg8 58.Rdd4 Qg5 59.Rd3 Qf6 60.Rd7 Qf5 61.Rd8+ Kf7 62.Rdd4 Kg8 63.Re8+ Kf7
64.Rde4 Qg5 65.Re3 Qf4+ 66.Kg1 Qd4 67.Kh1 Qd1+ 68.Re1 Qd2 69.R1e7+ Kf6 70.Re2 Qd1+
71.Re1 Qd2 72.R8e7 Qd5 73.R7e4 g5 74.Rf1+ Kg6 75.Rb4 Qc5 76.Rb8 Kg7 77.Rb7+ Kg6
78.Rfb1 Qc2 79.R1b6+ Kf5 80.Rf7+ Ke5 81.Rf3 Qc1+ 82.Kh2 Qc7 83.Rb1 Ke4+ 84.Kh1 Qa5
85.Rc1 Qd2 86.Rc4+ Ke5 87.Rg4 Qd1+ 88.Kh2 Qd2 89.Ra3 Qd6 90.Ra1 Qd2 91.Rxg5+ Qxg5
92.Ra5+ Kf4 93.Rxg5 Kxg5 94.Kg1 Kf4 95.Kf2 Ke4  1/2-1/2

[Event "16th Izmailov Mem"]
[Site "Tomsk RUS"]
[Date "2012.08.07"]
[Round "1.9"]
[White "Gutov,A"]
[Black "Isaev,Anton"]
[Result "1-0"]
[WhiteElo "2413"]
[BlackElo "2025"]

1.d4 d5 2.c4 c6 3.Nc3 Nf6 4.e3 e6 5.Nf3 Bd6 6.Bd3 O-O 7.e4 dxe4 8.Nxe4 Nxe4
9.Bxe4 Nd7 10.O-O h6 11.Bc2 e5 12.Qd3 f5 13.c5 Be7 14.Qc4+ Kh8 15.Nxe5 Nxe5
16.dxe5 Qd5 17.Qxd5 cxd5 18.Be3 f4 19.Bd4 f3 20.g3 Bh3 21.Rfc1 Bg5 22.Rd1 h5
23.Bb3 Rad8 24.Rd3 h4 25.Re1 Rf5 26.e6 Be7 27.Rde3 hxg3 28.hxg3 Kg8 29.Re5 g6
30.R1e3 Rdf8 31.Bc2 Rf4 32.gxf4 Rxf4 33.Rxf3 Rxf3 34.Bxg6 Rf4 35.Bf7+ Kf8
36.Be3 Rh4 37.Rxd5 Bf6 38.f3 Bxb2 39.Rd8+ Kg7 40.Rg8+ Kh7 41.e7  1-0

[Event "TCh-ESP CECLUB 2a Gp2 2012"]
[Site "Burguillos ESP"]
[Date "2012.08.08"]
[Round "1.4"]
[White "Bote,V"]
[Black "Gonzalez Benavides,J"]
[Result "1/2-1/2"]
[WhiteElo "2141"]
[BlackElo "1941"]

1.Nf3 Nf6 2.c4 c6 3.d4 d5 4.Nc3 e6 5.e3 Nbd7 6.Qc2 Bd6 7.Bd3 Qe7 8.O-O dxc4
9.Bxc4 e5 10.Re1 O-O 11.e4 exd4 12.Nxd4 Bxh2+ 13.Kxh2 Qe5+ 14.Kg1 Qxd4 15.Be2 Re8
16.Be3 Qb4 17.f3 h6 18.a3 Qe7 19.Rad1 b6 20.Bc4 Ne5 21.Ba2 Be6 22.Bb1 Nfd7
23.Ne2 Rad8 24.Nd4 c5 25.Nxe6 Qxe6 26.b3 Nf8 27.Bf4 Nc6 28.Ba2 Nd4 29.Qb1 Qg6
30.Kf2 Nfe6 31.Bg3 Kh8 32.b4 Rd7 33.bxc5 bxc5 34.Bc4 Red8 35.Qa2 Qg5 36.Bd5 Nf4
37.Bxf4 Qxf4 38.Qc4 Qh4+ 39.Kf1 Ne6 40.Qc2 Nf4 41.Qxc5 Qh1+ 42.Qg1 Qxg1+
43.Kxg1 Nxd5 44.exd5 Rxd5 45.Rxd5 Rxd5 46.Re7 Ra5 47.Rxf7 Rxa3 48.Kf2 Kg8
49.Rc7 a5 50.Ra7 Ra2+ 51.Kg3 a4 52.f4 g6 53.Kh3 a3 54.Kg3 Ra1 55.Kh2 a2 56.g3 Kf8
57.Kg2 h5 58.Kh2 Ke8 59.Kg2 Kd8 60.Kh2 Kc8 61.Kg2 Kb8 62.Ra6 Kb7 63.Ra5 Kb6
64.Ra4 Kb5 65.Ra8 Kb4 66.Rb8+ Kc3 67.Rc8+ Kd4 68.Rd8+ Kc5 69.Rc8+ Kd6 70.Rd8+ Ke7
71.Ra8 Ke6 72.Re8+ Kd5 73.Rd8+ Kc6 74.Ra8 Kb7 75.Ra5 Kb6 76.Ra4 Kc6 77.Ra8 Kb5
78.Rb8+ Ka4 79.Ra8+ Kb3 80.Rb8+ Kc2 81.Rc8+ Kd3 82.Rd8+ Ke4 83.Re8+ Kf5 84.Re5+ Kf6
85.Ra5 Kg7 86.Kh2 Kh6 87.Kg2  1/2-1/2

[Event "TCh-ESP CECLUB 2a Gp2 2012"]
[Site "Burguillos ESP"]
[Date "2012.08.09"]
[Round "3.3"]
[White "Ivanov,Jo"]
[Black "Hernandez Munoz,A"]
[Result "0-1"]
[WhiteElo "2359"]
[BlackElo "2126"]

1.d4 d5 2.c4 c6 3.Nf3 Nf6 4.e3 e6 5.Nc3 Nbd7 6.Qc2 Bd6 7.Be2 O-O 8.O-O dxc4
9.a4 a6 10.Bxc4 c5 11.dxc5 Bxc5 12.Rd1 Qc7 13.b3 b6 14.Bb2 Bb7 15.Qe2 Ng4
16.g3 Qc6 17.h3 Nde5 18.Nd5 Nxc4 19.bxc4 Nxf2 20.Kxf2 exd5 21.cxd5 Qh6 22.Nh4 Rfe8
23.Bd4 Bxd4 24.Rxd4 Bxd5 25.Rb1 Qf6+ 26.Rf4 Qe6 27.Nf5 Be4 28.Qg4 Qa2+ 29.Ke1 a5
30.Qd1  0-1

[Event "II Brazil Maringa Open"]
[Site "Maringa BRA"]
[Date "2012.08.09"]
[Round "2.6"]
[White "Da Silva,Daniel Leite"]
[Black "Stamenkovic,Dr"]
[Result "0-1"]
[WhiteElo "1934"]
[BlackElo "2383"]

1.Nf3 d5 2.d4 Nf6 3.c4 e6 4.Nc3 c6 5.e3 Nbd7 6.Qc2 Bd6 7.Bd3 O-O 8.O-O dxc4
9.Bxc4 e5 10.Rd1 Qc7 11.h3 b5 12.Bd3 Bb7 13.Bd2 a6 14.Rac1 exd4 15.exd4 Rac8
16.Ne4 Nxe4 17.Bxe4 g6 18.b4 Rfe8 19.Re1 Nf6 20.Bd3 Nd5 21.Qb3 Re7 22.Rxe7 Qxe7
23.Re1 Qf8 24.a3 Re8 25.Ne5 f6 26.Ng4 Rxe1+ 27.Bxe1 Qe7 28.Bd2 Kg7 29.Bh6+ Kh8
30.Ne3 Nc7 31.Qc2 Ne6 32.Qc3 Qd8 33.Be4 Nxd4 34.Kf1 Be7 35.h4 a5  0-1

[Event "Olomouc GM Valoz Cup"]
[Site "Olomouc CZE"]
[Date "2012.08.09"]
[Round "11.5"]
[White "Simantsev,M"]
[Black "Duda,J"]
[Result "1/2-1/2"]
[WhiteElo "2526"]
[BlackElo "2411"]

1.d4 Nf6 2.c4 e6 3.Nc3 d5 4.Nf3 c6 5.e3 Nbd7 6.Qc2 Bd6 7.Be2 O-O 8.O-O dxc4
9.Bxc4 b5 10.Be2 Bb7 11.Rd1 Qc7 12.e4 e5 13.g3 Rfe8 14.dxe5 Nxe5 15.Bg5 Nxf3+
16.Bxf3 Rad8 17.Rac1 a6 18.Bxf6 gxf6 19.Bg4 Qb6 20.Bf5 Be5 21.Qe2 h6 22.Qg4+ Kh8
23.Kg2 Rxd1 24.Rxd1 Rd8 25.Qh5 Kg7 26.Qg4+ Kh8 27.Qh5 Kg7 28.Qg4+ Kh8 29.Qh4 Kg7
30.Qg4+ Kh8 31.Qh5 Kg7 32.Ra1  1/2-1/2

[Event "TCh-ESP CECLUB 2a Gp1 2012"]
[Site "Padron ESP"]
[Date "2012.08.09"]
[Round "3.1"]
[White "Miton,K"]
[Black "Adla,D"]
[Result "1/2-1/2"]
[WhiteElo "2616"]
[BlackElo "2492"]

1.d4 d5 2.c4 c6 3.Nc3 Nf6 4.e3 e6 5.Nf3 Nbd7 6.Qc2 Bd6 7.Bd3 O-O 8.O-O dxc4
9.Bxc4 b5 10.Bd3 Bb7 11.a3 Re8 12.Bd2 a5 13.h3 h6 14.Rfd1 Rc8 15.Rac1 Qe7
16.Qb3 b4 17.axb4 axb4 18.Ne4 Nxe4 19.Bxe4 Nf6 20.Bd3 c5 21.dxc5 Rxc5 22.Rxc5 Bxc5
23.Be1 Bxf3 24.gxf3 Rd8 25.Be2 Rxd1 26.Bxd1 Nd5 27.Qc4 Qg5+ 28.Kf1 Qxe3 29.Qxd5 Qxe1+
30.Kxe1 exd5 31.Ba4 Kf8 32.Bc6 d4 33.Ke2 d3+ 34.Kxd3 Bxf2 35.b3 Ke7 36.Ke4 g6
37.f4 f5+ 38.Kf3 Be1 39.Bb5 Bd2 40.Bc6 Kf6 41.Be8 g5 42.fxg5+ hxg5 43.Bd7 Ke5
44.Bc8  1/2-1/2

[Event "16th Izmailov Mem"]
[Site "Tomsk RUS"]
[Date "2012.08.09"]
[Round "3.25"]
[White "Baglaev,E"]
[Black "Belalov,Timur"]
[Result "1/2-1/2"]
[WhiteElo "2088"]
[BlackElo "1944"]

1.d4 d5 2.c4 e6 3.Nc3 c6 4.e3 Nf6 5.Nf3 Bd6 6.Qc2 b6 7.Bd3 Bb7 8.Ne5 dxc4
9.Bxc4 Bxe5 10.dxe5 Nd5 11.Ne4 O-O 12.f4 Qe7 13.Ng5 f5 14.Bd2 h6 15.Nf3 Na6
16.Bxa6 Bxa6 17.Qxc6 Nb4 18.Bxb4 Qxb4+ 19.Qc3 Qxc3+ 20.bxc3 Rac8 21.Kd2 Bb7
22.Nd4 Rfd8 23.Rhg1 h5 24.h3 Kf7 25.g3 Rc5 26.a4 Be4 27.Ra3 h4 28.gxh4 Rh8
29.Nb5 Rd5+ 30.Ke2 Rxh4 31.Nd6+ Kf8 32.c4 Rc5 33.Rg6 Rxh3 34.Rxe6 Rh2+ 35.Kf1 Rh1+
36.Kf2 Rh2+ 37.Kg3 Rg2+ 38.Kh3 Bc6 39.e4 Bd7 40.Kxg2 Bxe6 41.exf5 Bxc4 42.Kf3 Ke7
43.Ke4 Bd5+ 44.Kd4 Ba8 45.Rg3 Kf8 46.Rh3 Kg8 47.Rg3 Kf8 48.Rh3 Kg8 49.Rc3 Rxc3
50.Kxc3 Bc6 51.Kb4 a5+ 52.Kb3 Kf8 53.Nc4 b5 54.axb5 Bxb5 55.Nxa5 Bd3 56.Kb4 Bxf5
57.Kc5 Kf7 58.Nc4 Ke6 59.Ne3 g5 60.Nxf5 gxf4 61.Kd4 Kxf5 62.e6 Kxe6  1/2-1/2

[Event "16th Izmailov Mem"]
[Site "Tomsk RUS"]
[Date "2012.08.09"]
[Round "3.1"]
[White "Bocharov,D"]
[Black "Pakhomov,E"]
[Result "1-0"]
[WhiteElo "2597"]
[BlackElo "2417"]

1.d4 d5 2.c4 e6 3.Nc3 c6 4.e3 Nf6 5.Nf3 Nbd7 6.Qc2 Bd6 7.Be2 dxc4 8.Bxc4 a6
9.O-O c5 10.dxc5 Bxc5 11.Rd1 O-O 12.Bd3 Qc7 13.Bd2 b6 14.Ne4 Bb7 15.Nxc5 Qxc5
16.Qxc5 Nxc5 17.Be2 Rfd8 18.Ne5 Nfe4 19.Be1 b5 20.f3 f6 21.Ng4 Ng5 22.Bb4 Na4
23.b3 Nb6 24.e4 f5 25.exf5 exf5 26.Ne3 f4 27.Ba5 Re8 28.Bxb6 Re6 29.Nd5 Rxe2
30.Nxf4 Rc2 31.Rd7 Bc6 32.Rc7 Rf8 33.Be3 Rd8 34.h4 Nf7 35.Ne6 Re8 36.Nd4 Rc3
37.Bf2 Nd8 38.Be1 Rce3 39.Nxc6 Nxc6 40.Rxc6 Rxe1+ 41.Rxe1 Rxe1+ 42.Kf2 Rb1
43.Rxa6 h5 44.Kg3 Rb2 45.Ra5 g6 46.Rxb5 Rxa2 47.Rb7 Rb2 48.b4 Kh8 49.b5 Kg8
50.b6 Kh8 51.Kf4 Rxg2 52.Ke4  1-0

[Event "16th HZ Open"]
[Site "Vlissingen NED"]
[Date "2012.08.09"]
[Round "7"]
[White "Geirnaert,S"]
[Black "Franssen,Jeroen"]
[Result "1-0"]
[WhiteElo "2407"]
[BlackElo "2163"]

1.d4 d5 2.c4 c6 3.Nf3 Nf6 4.Nc3 e6 5.e3 Nbd7 6.Qc2 Bd6 7.Be2 O-O 8.O-O dxc4
9.Bxc4 e5 10.h3 exd4 11.exd4 Nb6 12.Bb3 h6 13.Ne5 Nbd5 14.Na4 Qc7 15.f4 g6
16.Qf2 Kg7 17.Qh4 h5 18.Bc2 Ne7 19.f5 Bxe5 20.dxe5 Qxe5 21.Re1 Nxf5 22.Bxf5 Qxf5
23.Rf1 Qe5 24.Rxf6 Bf5 25.Bd2 b5 26.Bc3 Qe3+ 27.Kh1 Kg8 28.Rxf5  1-0

[Event "Miguel Najdorf Open A"]
[Site "Warsaw POL"]
[Date "2012.08.09"]
[Round "5.16"]
[White "Choroszej,A"]
[Black "Doluhanova,E"]
[Result "1/2-1/2"]
[WhiteElo "2114"]
[BlackElo "2219"]

1.d4 d5 2.c4 e6 3.Nc3 c6 4.e3 Nf6 5.Nf3 Nbd7 6.Qc2 Bd6 7.g4 Nxg4 8.Rg1 Qf6
9.Rxg4 Qxf3 10.Rxg7 Nf8 11.Rg1 Bd7 12.Bd2 Ng6 13.Be2 Qf6 14.O-O-O Bxh2 15.Rh1 Bd6
16.e4 Bf4 17.exd5 cxd5 18.cxd5 Bxd2+ 19.Rxd2 Rc8 20.dxe6 Bxe6 21.Bb5+ Kd8
22.d5 Bg4 23.Qa4 Bf5 24.Bd3 Bxd3 25.Rxd3 Ne5 26.Rdd1 Nc4 27.Qc2 b5 28.Kb1 b4
29.Ne4 Qe5 30.f4 Qf5 31.Qd3 Re8 32.Ng5 Qxd3+ 33.Rxd3 Re2 34.Nxf7+ Ke8 35.Ne5 Rxb2+
36.Ka1 Nxe5 37.fxe5 Rcc2 38.Rxh7 Rxa2+ 39.Kb1 Rcb2+ 40.Kc1 Rg2 41.Kb1 Rae2
42.Rd1 Rb2+ 43.Ka1 Ra2+ 44.Kb1 Rgb2+ 45.Kc1 Re2 46.Kb1 b3 47.d6 Reb2+ 48.Kc1 Rc2+
49.Kb1 Rcb2+  1/2-1/2

[Event "11th Braunau Open A"]
[Site "Ranshofen AUT"]
[Date "2012.08.10"]
[Round "8.3"]
[White "Medvegy,Z"]
[Black "Jaracz,P"]
[Result "0-1"]
[WhiteElo "2555"]
[BlackElo "2536"]

1.c4 c6 2.Nc3 d5 3.e3 Nf6 4.d4 e6 5.Nf3 Nbd7 6.Qc2 b6 7.Bd3 Bb7 8.O-O Be7
9.b3 O-O 10.Bb2 h6 11.Rad1 Qc7 12.Rfe1 Rad8 13.Bf1 Rfe8 14.h3 a6 15.a3 Qb8
16.Ne5 dxc4 17.Nxc4 c5 18.dxc5 Bxc5 19.b4 Be7 20.e4 b5 21.Na5 Ba8 22.g3 h5
23.Qe2 h4 24.e5 Nh7 25.Bg2 hxg3 26.fxg3 Nb6 27.h4 Rxd1 28.Rxd1 Rd8 29.Rxd8+ Bxd8
30.Bxa8 Qxa8 31.Qg2 Qb8 32.Ne4 Nd5 33.Bd4 Bxa5 34.bxa5 Qc7 35.Qd2 Nf8 36.Nc5 Qc6
37.Qg5 b4 38.axb4 Nxb4 39.Qd2 Qb5 40.Kh2 Nc6 41.Qc3 Qe2+ 42.Kh3 Qd1 43.Nb3 Qh1+
44.Kg4 Ng6 45.Qe3 Qf1 46.Kh5 Qf5+ 47.Qg5 Qf3+  0-1

[Event "2nd Split Open 2012"]
[Site "Split CRO"]
[Date "2012.08.11"]
[Round "1.20"]
[White "Fernandez Quintero,J"]
[Black "Doric,N"]
[Result "1/2-1/2"]
[WhiteElo "1961"]
[BlackElo "2322"]

1.d4 d5 2.c4 c6 3.Nc3 Nf6 4.e3 e6 5.Nf3 Nbd7 6.Qc2 Bd6 7.b3 O-O 8.Be2 Qe7
9.O-O Re8 10.Bb2 b6 11.Rfe1 Bb7 12.Rad1 Rad8 13.e4 dxe4 14.Nxe4 Nxe4 15.Qxe4 Bb4
16.Nd2 Qg5 17.Bc1 Qg6 18.Qf3 Nf6 19.a3 Be7 20.Nf1 Ba8 21.Qh3 c5 22.dxc5 Bxc5
23.b4 Bd4 24.Ne3 Be4 25.Qg3 Qxg3 26.hxg3 Kf8 27.g4 h6 28.Bf3 Bc3 29.Rxd8 Rxd8
30.Rd1 Ke7 31.Rxd8 Kxd8 32.Be2 Nd7 33.Nd1 Bd4 34.Bb2 Bxb2 35.Nxb2  1/2-1/2

[Event "Stare Mesto Open 2012"]
[Site "Stare Mesto CZE"]
[Date "2012.08.11"]
[Round "2.3"]
[White "Krejci,Jan2"]
[Black "Beran,Petr1"]
[Result "1-0"]
[WhiteElo "2503"]
[BlackElo "2076"]

1.d4 d5 2.c4 c6 3.Nc3 Nf6 4.e3 e6 5.Nf3 Nbd7 6.Qc2 Bd6 7.Bd3 dxc4 8.Bxc4 b5
9.Bd3 Bb7 10.O-O O-O 11.a3 a5 12.e4 e5 13.dxe5 Nxe5 14.Nxe5 Bxe5 15.h3 h6
16.Be3 Bd4 17.Qe2 Re8 18.Rad1 Bxe3 19.Qxe3 Qc7 20.Rfe1 Rad8 21.e5 Nd5 22.Qe4 g6
23.Qh4 Nxc3 24.bxc3 Kh7 25.e6 f5 26.c4 Ba6 27.cxb5 cxb5 28.a4 Bc8 29.e7 Rd7
30.Rc1  1-0

[Event "Open ch-MKD 2012"]
[Site "Struga MKD"]
[Date "2012.08.11"]
[Round "8.11"]
[White "Hadzi Manev,L"]
[Black "Veleshnja,Zino"]
[Result "1/2-1/2"]
[WhiteElo "2100"]
[BlackElo "1584"]

1.d4 Nf6 2.c4 e6 3.Nf3 d5 4.Nc3 c6 5.e3 Nbd7 6.Qc2 Bd6 7.g4 h6 8.Rg1 Qe7
9.cxd5 exd5 10.Bd3 Nf8 11.h3 Ne6 12.h4 Nf4 13.Bf5 Nh3 14.Rh1 Nf4 15.Bxc8 Rxc8
16.Qf5 Qe6 17.Ne5 Qxf5 18.gxf5 Bxe5 19.dxe5 Nd3+ 20.Ke2 Nxe5 21.b3 Rc7 22.Bb2 Ned7
23.Rac1 Kd8 24.Rhg1 Rg8  1/2-1/2

[Event "Prva liga RS seniori 2012"]
[Site "Banja Vrucica SRB"]
[Date "2012.08.12"]
[Round "2"]
[White "Ostojic,N1"]
[Black "Jelecevic,I"]
[Result "1-0"]
[WhiteElo "2439"]
[BlackElo "2206"]

1.d4 d5 2.c4 c6 3.Nc3 Nf6 4.e3 e6 5.Nf3 Nbd7 6.Qc2 a6 7.b3 Bd6 8.Be2 b5 9.O-O O-O
10.e4 dxe4 11.Nxe4 Be7 12.c5 Nxe4 13.Qxe4 Nf6 14.Qc2 Nd5 15.Bd2 a5 16.a3 Bd7
17.Bd3 g6 18.g3 a4 19.b4 Re8 20.Rfe1 Bf8 21.h4 Ra7 22.h5 Nf6 23.hxg6 hxg6
24.Ne5 Bg7 25.Bg5 Qc8 26.Bxg6 fxg6 27.Bxf6  1-0

[Event "II Brazil Maringa Open"]
[Site "Maringa BRA"]
[Date "2012.08.12"]
[Round "8.21"]
[White "Cruz,Will"]
[Black "Broday,Gabriel Renan"]
[Result "1-0"]
[WhiteElo "2188"]
[BlackElo "2028"]

1.d4 d5 2.c4 c6 3.Nc3 Nf6 4.Nf3 e6 5.e3 Nbd7 6.Qc2 Bd6 7.Bd3 O-O 8.O-O dxc4
9.Bxc4 e5 10.Rd1 Qe7 11.e4 b5 12.Bf1 Bb7 13.dxe5 Nxe5 14.Nd4 Neg4 15.h3 b4
16.hxg4 Nxg4 17.g3 f5 18.Nxf5 Rxf5 19.exf5 bxc3 20.Qb3+ Kh8 21.Rxd6 Qxd6
22.Qxb7 Rf8 23.bxc3 Qc5 24.Qb2 Rxf5 25.Bf4 g5 26.Bh3 gxf4 27.Bxg4 Rg5 28.c4+ Kg8
29.Be6+  1-0

[Event "FSIMA August 2012"]
[Site "Budapest HUN"]
[Date "2012.08.13"]
[Round "10.3"]
[White "Laliena Solares,L"]
[Black "To,N"]
[Result "1/2-1/2"]
[WhiteElo "2199"]
[BlackElo "2287"]

1.d4 d5 2.c4 c6 3.Nc3 Nf6 4.e3 e6 5.Nf3 Nbd7 6.b3 Bb4 7.Bd2 O-O 8.Be2 Bd6
9.O-O b6 10.Bd3 Bb7 11.e4 dxe4 12.Nxe4 Nxe4 13.Bxe4 f5 14.Bc2 Qc7 15.Bc3 Rae8
16.Re1 e5 17.dxe5 Nxe5 18.Nxe5 Bxe5 19.Bxe5 Rxe5 20.Qd4 Rfe8 21.Rxe5 Qxe5
22.Qxe5 Rxe5 23.f4 Re2 24.Bxf5 c5 25.Bh3 Be4 26.g3 Rb2 27.Re1 Bc6 28.Be6+ Kf8
29.Bd5 Bxd5 30.cxd5 Rxa2 31.Re6 Rd2 32.d6 Kf7 33.Re7+ Kf6 34.Rxa7 Rxd6 35.Rb7 h5
36.Kf2 g6 37.Ke3 Ke6 38.h3 Kd5 39.g4 hxg4 40.hxg4 Re6+ 41.Kd3 Rf6 42.g5 Rxf4
43.Rxb6 Rb4 44.Rxg6 Rxb3+ 45.Kc2 Rg3 46.Rg8 Ke6 47.g6 Kf6  1/2-1/2

[Event "2nd Split Open 2012"]
[Site "Split CRO"]
[Date "2012.08.13"]
[Round "3.19"]
[White "Kljako,D"]
[Black "Berescu,A"]
[Result "0-1"]
[WhiteElo "2180"]
[BlackElo "2511"]

1.d4 e6 2.c4 d5 3.Nc3 c6 4.Nf3 Nf6 5.e3 Nbd7 6.Qc2 Bd6 7.Bd3 O-O 8.O-O dxc4
9.Bxc4 b5 10.Bd3 Bb7 11.e4 e5 12.dxe5 Nxe5 13.Nxe5 Bxe5 14.h3 Nh5 15.Ne2 Re8
16.Be3 g6 17.Rad1 Qe7 18.f4 Bc7 19.Rc1 Bb6 20.Bc5 Nf6 21.Ng3 Nd7 22.Bf2 Qh4
23.Ne2 Nf6 24.Nd4 Qxf4 25.Nf5 Qe5 26.Kh1 gxf5 27.Bxb6 fxe4 28.Ba5 exd3 29.Qf2 Ne4
30.Qxf7+ Kh8 31.Qxb7 d2 32.Rcd1 Rf8 33.Rf3 Rab8 34.Qxc6 Rxf3 35.gxf3 Nf2+
36.Kg2 Nxd1 37.Bxd2 Qe2+ 38.Kg3 Rg8+ 39.Bg5 Qe5+  0-1

[Event "Prva liga RS seniori 2012"]
[Site "Banja Vrucica SRB"]
[Date "2012.08.14"]
[Round "4"]
[White "Sredojevic,S"]
[Black "Ilic,SloS2"]
[Result "1/2-1/2"]
[WhiteElo "2188"]
[BlackElo "2134"]

1.Nf3 d5 2.d4 Nf6 3.c4 c6 4.Nc3 e6 5.e3 Nbd7 6.Be2 Bd6 7.O-O O-O 8.Qc2 Qe7
9.e4 dxe4 10.Ng5 e5 11.dxe5 Bxe5 12.Ncxe4 h6 13.Nxf6+ Nxf6 14.Nf3 Bc7 15.Be3 Ng4
16.Bd4 Nxh2 17.Nxh2 Bxh2+ 18.Kxh2 Qh4+ 19.Kg1 Qxd4 20.Rad1 Qf6 21.c5 Bf5
22.Qb3 Rab8 23.Bf3 Be6 24.Qa3 a6 25.Rd6 Qf4 26.Rfd1 Rfe8 27.R6d4 Qg5 28.Rd6 h5
29.Qc3 h4 30.R6d4 h3 31.g3 Qf6 32.a3 Rbc8 33.R4d3 Qxc3 34.Rxc3 g5 35.g4 Kg7
36.Kh2 Rh8 37.Be2 Bd5 38.Rxh3 Rxh3+ 39.Kxh3 Re8 40.Bd3 Bf3 41.Rc1 Be4 42.Be2 Bg2+
43.Kxg2 Rxe2 44.b4 Rd2 45.Rc3 Kf6 46.Kf3  1/2-1/2

[Event "FSFMA1 August 2012"]
[Site "Budapest HUN"]
[Date "2012.08.14"]
[Round "11.2"]
[White "Krstulovic,Alex"]
[Black "Grimm,G"]
[Result "1/2-1/2"]
[WhiteElo "1836"]
[BlackElo "2067"]

1.d4 d5 2.c4 c6 3.Nc3 Nf6 4.Nf3 e6 5.e3 Nbd7 6.Bd3 dxc4 7.Bxc4 b5 8.Bd3 b4
9.Ne4 Nd5 10.O-O Be7 11.Qc2 Bb7 12.Rd1 Qc7 13.Nc5 Nxc5 14.dxc5 h6 15.Nd4 O-O
16.Bd2 Rfd8 17.Bh7+ Kh8 18.Be4 a5 19.g3 Nf6 20.Bg2 Nd7 21.Nb3 a4 22.Nc1 Bxc5
23.Nd3 Qb6 24.Nxc5 Nxc5 25.Qc4 Na6 26.Qh4 Rd7 27.Be1 Rad8 28.Rxd7 Rxd7 29.a3 bxa3
30.Bc3 Kg8 31.Qg4 f5 32.Qc4  1/2-1/2

[Event "2nd Metropolitan International"]
[Site "Los Angeles USA"]
[Date "2012.08.14"]
[Round "1"]
[White "Amanov,M"]
[Black "Wang,K"]
[Result "0-1"]
[WhiteElo "2516"]
[BlackElo "2216"]

1.d4 d5 2.c4 e6 3.Nc3 c6 4.e3 Nf6 5.Nf3 Nbd7 6.Bd3 dxc4 7.Bxc4 b5 8.Bd3 a6
9.e4 c5 10.d5 Qc7 11.O-O Bb7 12.Bc2 O-O-O 13.Bg5 Bd6 14.dxe6 fxe6 15.Qe2 h6
16.Bh4 g5 17.Bg3 Ne5 18.Nxe5 Bxe5 19.a4 b4 20.Nd1 Rd4 21.Ne3 Nxe4 22.Bb3 Nxg3
23.Bxe6+ Kb8 24.hxg3 Re8 25.Bh3 Bxg3 26.fxg3 Qxg3 27.Nf5 Rxe2 28.Nxg3 Rxb2
29.Nf5 Rdd2 30.Ne3 g4 31.Rf8+ Ka7 32.Bxg4 Rxg2+ 33.Kf1 Rh2 34.Ke1 h5 35.Bf3 Rbf2
36.Nf1 Rxf1+ 37.Kxf1 Bxf3 38.Re1 Rh1+ 39.Kf2 Rxe1 40.Kxe1 Be4 41.Rf4 Bc2
42.a5 Kb7 43.Kd2 Bb3 44.Rf6 Bc4 45.Rh6 Bb5 46.Kc2 Bc4 47.Kb2 Kc7 48.Kc2 Bb5
49.Kd2 h4 50.Kc1 Bf1 51.Rf6 Be2 52.Kd2 Bb5 53.Rh6 h3 54.Rxh3 Kc6 55.Rh6+ Kd5
56.Rh8 Kc4 57.Kc2 b3+ 58.Kb2 Kb4 59.Rh6 c4 60.Rh4 Bd7 61.Rd4 Bf5 62.Rf4 Bd3
63.Rd4 Kxa5 64.Rxd3 cxd3 65.Kxb3 Kb5 66.Kc3 Ka4 67.Kxd3 Kb3 68.Kd2 Kb2 69.Kd3 a5  0-1

[Event "25th Panevezys Open"]
[Site "Panevezys LTU"]
[Date "2012.08.14"]
[Round "3.12"]
[White "Jurkunas,N"]
[Black "Strigunas,Rytis"]
[Result "1-0"]
[WhiteElo "1916"]
[BlackElo "1636"]

1.d4 d5 2.c4 c6 3.Nf3 Nf6 4.Nc3 e6 5.e3 Nbd7 6.Qc2 Bd6 7.Bd3 dxc4 8.Bxc4 b5
9.Be2 a6 10.e4 e5 11.O-O Bb7 12.h3 Rc8 13.Rd1 Qe7 14.Be3 exd4 15.Nxd4 g6
16.Nf3 b4 17.Qb3 bxc3 18.Qxb7 Rb8 19.Qxc6 cxb2 20.Rab1 Ba3 21.e5 Nh5 22.Bc4 h6
23.Bxf7+ Qxf7 24.e6 Qe7 25.Rxd7  1-0

[Event "2nd Metropolitan International"]
[Site "Los Angeles USA"]
[Date "2012.08.15"]
[Round "3"]
[White "Amerkeshev,M"]
[Black "Beilin,Allan"]
[Result "0-1"]
[WhiteElo "2153"]
[BlackElo "1988"]

1.d4 d5 2.c4 c6 3.Nc3 Nf6 4.e3 e6 5.Nf3 Nbd7 6.Qc2 Bd6 7.b3 O-O 8.Be2 b6
9.Bb2 Bb7 10.O-O Rc8 11.Rad1 Qe7 12.e4 dxe4 13.Nxe4 Nxe4 14.Qxe4 Nf6 15.Qh4 c5
16.Rfe1 Ne4 17.Qxe7 Bxe7 18.Bd3 f5 19.Nd2 Nxd2 20.Rxd2 cxd4 21.Rxe6 Bc5 22.Rde2 Be4
23.Bxe4 fxe4 24.R2xe4 d3 25.Re7 Bxe7 26.Rxe7 Rfe8 27.Rxg7+ Kf8 28.Bc3 d2  0-1

[Event "2nd Split Open 2012"]
[Site "Split CRO"]
[Date "2012.08.15"]
[Round "5.6"]
[White "Thiel,K"]
[Black "Gagarin,V"]
[Result "0-1"]
[WhiteElo "2215"]
[BlackElo "2372"]

1.Nf3 d5 2.d4 Nf6 3.c4 c6 4.Nc3 e6 5.e3 Nbd7 6.Qc2 b6 7.cxd5 exd5 8.Bd3 Bb7
9.Bd2 Be7 10.h3 c5 11.O-O-O c4 12.Bf5 g6 13.Bxd7+ Qxd7 14.Ne5 Qd8 15.Qa4+ Kf8
16.e4 h5 17.Kb1 Kg7 18.f3 Qe8 19.Qxe8 Rhxe8 20.exd5 Rac8 21.Nb5 a6 22.Na7 Rc7
23.Nac6 Nxd5 24.Nxe7 Rexe7 25.Rc1 b5 26.f4 f6 27.Nf3 Re2 28.Ba5 Rce7 29.Rhf1 Rxg2
30.Rg1 Rxg1 31.Rxg1 Nxf4 32.Nh4 Be4+ 33.Ka1 Nxh3 34.Rg3 Nf4 35.a4 g5  0-1

[Event "Stare Mesto Open 2012"]
[Site "Stare Mesto CZE"]
[Date "2012.08.15"]
[Round "7.6"]
[White "Lechtynsky,J"]
[Black "Volodin,V"]
[Result "1-0"]
[WhiteElo "2379"]
[BlackElo "2205"]

1.Nf3 d5 2.d4 e6 3.c4 Nf6 4.Nc3 c6 5.e3 Nbd7 6.Qc2 Bd6 7.Bd3 O-O 8.O-O Qe7
9.c5 Bc7 10.e4 dxe4 11.Nxe4 Nxe4 12.Bxe4 f5 13.Bd3 Nf6 14.Re1 Nd5 15.Bc4 Bd7
16.Bd2 h6 17.Qb3 Rab8 18.Bxd5 cxd5 19.Qxd5 Rfe8 20.Qc4 Bc6 21.Ne5 Bxe5 22.Rxe5 Bd5
23.Qc3 Qh4 24.f3 Rbd8 25.Qe3 Rf8 26.Be1 Qf6 27.a4 Kh8 28.Bc3 Kh7 29.Re1 Rd7
30.b4 a6 31.h3 Rg8 32.Rxe6 Qxe6 33.Qxe6 Bxe6 34.Rxe6 Rc8 35.Kf2 Kg8 36.h4 Kf7
37.Re5 Re8 38.Rxf5+ Kg6 39.g4 Rde7 40.h5+ Kh7 41.Re5 Rxe5 42.dxe5 g5 43.hxg6+ Kxg6
44.Ke3 Kf7 45.f4 Rg8 46.Kf3 Ke6 47.f5+ Kd5 48.e6 Rc8 49.a5 Kc4 50.Bd2 Re8
51.Ke4  1-0

[Event "16th Izmailov Mem"]
[Site "Tomsk RUS"]
[Date "2012.08.15"]
[Round "9.21"]
[White "Konev,Al"]
[Black "Isaev,Anton"]
[Result "0-1"]
[WhiteElo "2042"]
[BlackElo "2025"]

1.d4 d5 2.c4 c6 3.e3 Nf6 4.Nc3 e6 5.Nf3 Nbd7 6.Bd3 Bd6 7.e4 dxe4 8.Nxe4 Nxe4
9.Bxe4 Nf6 10.Bc2 O-O 11.Bg5 Qa5+ 12.Bd2 Qh5 13.Qe2 b6 14.h3 c5 15.g4 Nxg4
16.Qe4 Nf6 17.Qxa8 Bd7 18.Qxa7 Qxf3 19.Rg1 Bh2 20.Rf1 e5 21.Qa3 Qh5 22.dxc5 bxc5
23.Rh1 Bf4 24.Qd3 Bc6 25.Rg1 Bf3 26.Bd1 e4 27.Bxf3 Bxd2+ 28.Kxd2 exf3 29.Rg3 Qe5
30.Kc2 Rb8 31.Rb1 Qe8 32.b3 Ra8 33.Rb2 Qe1 34.Rxf3 Re8 35.b4 Re2+  0-1